书目信息 |
| 题名: |
鲁迅杂文
|
|
| 作者: | 鲁迅 著 ;裘沙 , 王伟君 绘 | |
| 分册: | 热风 | |
| 出版信息: | 桂林 漓江出版社 2001.08 |
|
| 页数: | 155页, [1] 叶图版 | |
| 开本: | 20cm | |
| 丛书名: | ||
| 单 册: | ||
| 中图分类: | I210.4 | |
| 科图分类: | ||
| 主题词: | 鲁迅杂文--选集 | |
| 电子资源: | ||
| ISBN: | 7-5407-2747-0 | |
| 000 | 00913nam0 22002772 4505 | |
| 001 | 192004001227 | |
| 005 | 20070905105510.31 | |
| 010 | @a7-5407-2747-0@dCNY25.00 | |
| 100 | @a20070531d2001 ekmy0chiy0121 ea | |
| 101 | 0 | @achi |
| 102 | @aCN@b450000 | |
| 105 | @aaf z 000zy | |
| 200 | 1 | @a鲁迅杂文@Alu xun za wen@f鲁迅著@g裘沙, 王伟君之图@i热风 |
| 210 | @a桂林@c漓江出版社@d2001.08 | |
| 215 | @a155页, [1] 叶图版@c彩图@d20cm | |
| 300 | @a其他题名:热风 | |
| 314 | @a责任者取之版权页 | |
| 330 | @a本书收入鲁迅先生1918年至1924年间所作杂文41篇及题记1篇。《热风》贯穿着“五四”精社——民主与科学的要求和彻底的反帝反封建精神:反对国粹主义,扫除迷信落后,主张社会解放。 | |
| 517 | 1 | @a热风@Are feng |
| 606 | 0 | @a鲁迅杂文@j选集 |
| 690 | @aI210.4@v4 | |
| 701 | 0 | @a鲁迅@Alu xun@4著 |
| 702 | 0 | @a裘沙@Aqiu sha@4绘 |
| 702 | 0 | @a王伟君@Awang wei jun@4绘 |
| 801 | 0 | @aCN@c20070905 |
| 905 | @dI210.4@eL8242 | |
| 鲁迅杂文/鲁迅著/裘沙, 王伟君之图.热风.-桂林:漓江出版社,2001.08 |
| 155页, [1] 叶图版:彩图;20cm |
| 其他题名:热风 |
| ISBN 7-5407-2747-0:CNY25.00 |
| 本书收入鲁迅先生1918年至1924年间所作杂文41篇及题记1篇。《热风》贯穿着“五四”精社——民主与科学的要求和彻底的反帝反封建精神:反对国粹主义,扫除迷信落后,主张社会解放。 |
| ● |
| 相关链接 |
|
|
|
正题名:鲁迅杂文
索取号:I210.4/L8242
 
预约/预借
| 序号 | 登录号 | 条形码 | 馆藏地/架位号 | 状态 | 备注 |
| 1 | 624022 | 206240227 | 文学库108/108文学库 12排4列5层/ [索取号:I210.4/L8242] | 在馆 | |
| 2 | 624023 | 206240236 | 文学库108/108文学库 12排4列5层/ [索取号:I210.4/L8242] | 在馆 | |
| 3 | 624024 | 206240245 | 文学库108/108文学库 12排4列5层/ [索取号:I210.4/L8242] | 在馆 |